| 000 | 00575nam a2200169 4500 | ||
|---|---|---|---|
| 001 | 139821 | ||
| 003 | ES-MaACL | ||
| 005 | 20230906195921.0 | ||
| 007 | t| | ||
| 008 | 070214s1969 sp r ||||1| spa d | ||
| 100 | 1 |
_aSchneiders, Alexander A. _9104582 |
|
| 245 | 1 | 4 |
_aLos adolescentes y el reto de la madurez _b: manual para los padres y educadores / _cAlexander A. Schneider ; traducción de Ramón de la Vega. |
| 260 |
_aSantander : _bSal Terrae, _c1969. |
||
| 300 |
_a267 p. ; _c22 cm. |
||
| 700 | 1 |
_aVega, Ramón de la. _9113582 |
|
| 852 |
_aES-MaACL _jC-48468 _bR.72841 |
||
| 999 |
_c139821 _d139821 |
||